书目信息 |
| 题名: |
昌江古代诗文选集
|
|
| 作者: | 陈华清 主编 ;昌江区政协文化文史和学习委员会 编 | |
| 分册: | ||
| 出版信息: | 南昌 江西高校出版社 2021.05 |
|
| 页数: | 316页 | |
| 开本: | 26cm | |
| 丛书名: | ||
| 单 册: | ||
| 中图分类: | I222 , I262 | |
| 科图分类: | ||
| 主题词: | 古典诗歌--gu dian shi ge--诗集--中国 , 古典散文--gu dian san wen--散文集--中国 | |
| 电子资源: | ||
| ISBN: | 978-7-5762-1165-8 | |
| 000 | 01308nam0 2200277 450 | |
| 001 | CAL 004133567 | |
| 005 | 20230217093112.0 | |
| 010 | @a978-7-5762-1165-8@dCNY68.00 | |
| 100 | @a20210914d2021 em y0chiy0120 ea | |
| 101 | 0 | @achi |
| 102 | @aCN@b320000 | |
| 105 | @ay z 000zy | |
| 106 | @ar | |
| 200 | 1 | @a昌江古代诗文选集@Achang jiang gu dai shi wen xuan ji@f昌江区政协文化文史和学习委员会编 |
| 210 | @a南昌@c江西高校出版社@d2021.05 | |
| 215 | @a316页@d26cm | |
| 314 | @a书内题: 陈华清主编 | |
| 330 | @a景德镇昌江区历史上名人辈出, 如北宋状元彭汝砺, 南宋使臣、抗蒙名将彭大雅, 大明开国功臣刘彦昺等均是一时人杰, 留下诸多足以流传后世的诗文。这些诗文具有多方面的价值。本书即是一本收录昌江区籍古代名人的诗文及流传甚广的古诗文的诗文集。校注为本书编辑辛勤而作。其中有北宋彭汝砺的《鄱阳集》, 南宋彭大雅的《黑鞑事略》, 南宋黎廷瑞的《芳洲集》, 元徐瑞的《松巢漫稿》, 明刘彦昺的《刘彦昺集》, 明史桂芳的《皇明史惺堂先生遗稿》等。 | |
| 606 | 0 | @a古典诗歌@Agu dian shi ge@x诗集@y中国 |
| 606 | 0 | @a古典散文@Agu dian san wen@x散文集@y中国 |
| 690 | @aI222@v5 | |
| 690 | @aI262@v5 | |
| 701 | 0 | @a陈华清@Achen hua qing@4主编 |
| 712 | 02 | @a昌江区政协文化文史和学习委员会@Achang jiang qu zheng xie wen hua wen shi he xue xi wei yuan hui@4编 |
| 801 | 0 | @aCN@bBJXHZP@c20230222 |
| 905 | @b1393005-8@dI222@e839@f4 | |
| 昌江古代诗文选集/昌江区政协文化文史和学习委员会编.-南昌:江西高校出版社,2021.05 |
| 316页;26cm |
| ISBN 978-7-5762-1165-8:CNY68.00 |
| 景德镇昌江区历史上名人辈出, 如北宋状元彭汝砺, 南宋使臣、抗蒙名将彭大雅, 大明开国功臣刘彦昺等均是一时人杰, 留下诸多足以流传后世的诗文。这些诗文具有多方面的价值。本书即是一本收录昌江区籍古代名人的诗文及流传甚广的古诗文的诗文集。校注为本书编辑辛勤而作。其中有北宋彭汝砺的《鄱阳集》, 南宋彭大雅的《黑鞑事略》, 南宋黎廷瑞的《芳洲集》, 元徐瑞的《松巢漫稿》, 明刘彦昺的《刘彦昺集》, 明史桂芳的《皇明史惺堂先生遗稿》等。 |
| ● |
| 相关链接 |
|
|
|
|
正题名:昌江古代诗文选集
索取号:I222/839
 
预约/预借
| 序号 | 登录号 | 条形码 | 馆藏地/架位号 | 状态 | 备注 |
| 1 | 1393005 | 213930059 | 第一样本阅览室/ [索取号:I222/839] | 在馆 | |
| 2 | 1393006 | 213930068 | 第二借阅区/ [索取号:I222/839] | 在馆 | |
| 3 | 1393007 | 213930077 | 第二借阅区/ [索取号:I222/839] | 在馆 | |
| 4 | 1393008 | 213930086 | 第二借阅区/ [索取号:I222/839] | 在馆 |